00633nam a2200193Ia 4500003000400000005001700004008004100021040000700062041001200069082001600081100008500097245014500182260004600327300001200373365001100385563000700396650001900403650001700422OSt20240928103357.0210707s1983 xx 000 0 und d cAL aKannada aK894.1 SEDC aSEDIYAPU KRASHNABHATTAdಸೇಡಿಯಾಪು ಕೃಷ್ಣಭಟ್ಟ. aChandrakhanda mattu kelavu sanna kavyagalu.bಚಂದ್ರಖಂಡ: ಮತ್ತು ಕೆಲವು ಸಣ್ಣ ಕಾವ್ಯಗಳು aBengalurubVishva Kannada Sammelanac1983 ax,102 p b2cINR aPB aKannada Poetry aKrisha Bhatt